Biografi tokoh wanita Malaysia

Bibliographic Details
Corporate Author: Pertiwi
Format: Book
Published: Petaling Jaya : Pertubuhan Tindakan Wanita Islam , 2004
Subjects:

MARC

LEADER 00000cam a2200000 7i4500
001 0000003182
005 20050309.0
020 0 0 |a 9679789063 
090 0 0 |a 920.7209595   |b BIO 
245 0 0 |a Biografi tokoh wanita Malaysia 
260 0 0 |a Petaling Jaya :   |b Pertubuhan Tindakan Wanita Islam ,   |c 2004 
300 |a 606ms. :   |b il. ;   |c 23cm. 
650 0 0 |a Women   |z Malaysia   |x Biography 
710 2 1 |a Pertiwi 
999 |a 0000005909   |b Monograph   |c Open Shelf   |e Default branch